Public and Private universities in Kenya : (Record no. 630)
[ view plain ]
| 000 -LEADER | |
|---|---|
| fixed length control field | 00872cam a22002532 4500 |
| 001 - CONTROL NUMBER | |
| control field | 0000006122 |
| 005 - DATE AND TIME OF LATEST TRANSACTION | |
| control field | 20151021151109.0 |
| 008 - FIXED-LENGTH DATA ELEMENTS--GENERAL INFORMATION | |
| fixed length control field | 070920s xx 000 0 eng d |
| 020 ## - INTERNATIONAL STANDARD BOOK NUMBER | |
| International Standard Book Number | 9780852554425 : |
| Terms of availability | KES 1,000 |
| 040 ## - CATALOGING SOURCE | |
| Original cataloging agency | KABU |
| Transcribing agency | KABU |
| 245 10 - TITLE STATEMENT | |
| Title | Public and Private universities in Kenya : |
| Remainder of title | new challenges, issues and achievements / |
| Statement of responsibility, etc. | Kilemi Mwiria ...[et al.] |
| 260 ## - PUBLICATION, DISTRIBUTION, ETC. (IMPRINT) | |
| Place of publication, distribution, etc. | Oxford : |
| Name of publisher, distributor, etc. | James Currey, |
| Date of publication, distribution, etc. | 2007. |
| 300 ## - PHYSICAL DESCRIPTION | |
| Extent | xviii, 204 p. |
| 650 #0 - SUBJECT ADDED ENTRY--TOPICAL TERM | |
| Topical term or geographic name as entry element | Universities and colleges |
| Geographic subdivision | Kenya. |
| -- | 0000157503 |
| 700 1# - ADDED ENTRY--PERSONAL NAME | |
| Personal name | Mwiria, Kilemi. |
| -- | 0000157504 |
| 700 1# - ADDED ENTRY--PERSONAL NAME | |
| Personal name | Ngethe, Njuguna. |
| -- | 0000157505 |
| 700 1# - ADDED ENTRY--PERSONAL NAME | |
| Personal name | Ngome, Charles. |
| -- | 0000157506 |
| 700 1# - ADDED ENTRY--PERSONAL NAME | |
| Personal name | Ouma-Odero, Douglas. |
| -- | 0000157507 |
| 700 1# - ADDED ENTRY--PERSONAL NAME | |
| Personal name | Nawire, V. |
| -- | 0000157508 |
| 700 1# - ADDED ENTRY--PERSONAL NAME | |
| Personal name | Wesonga, Daniel. |
| -- | 0000157509 |
| 908 ## - PUT COMMAND PARAMETER (RLIN) | |
| Put command parameter | 070920 |
| 950 ## - LOCAL HOLDINGS (RLIN) | |
| -- | 1 |
| Withdrawn status | Lost status | Source of classification or shelving scheme | Not for loan | Home library | Current library | Date acquired | Total Checkouts | Full call number | Barcode | Date last seen | Price effective from | Koha item type | Total Renewals | Date last checked out | Cost, normal purchase price |
|---|---|---|---|---|---|---|---|---|---|---|---|---|---|---|---|
| Library of Congress Classification | Kabarak, Main Campus | Kabarak, Main Campus | 17/12/2015 | 3 | LA1563 .P83 | 011338 | 15/02/2020 | 17/12/2015 | General Collection | 1 | 10/02/2020 | ||||
| Library of Congress Classification | Kabarak, Main Campus | Kabarak, Main Campus | 17/12/2015 | 2 | LA1563 .P83 | 012918 | 24/07/2018 | 17/12/2015 | General Collection | 18/07/2018 | |||||
| Library of Congress Classification | Kabarak, Main Campus | Kabarak, Main Campus | 17/12/2015 | 1 | LA1563 .P83 | 011337 | 23/07/2018 | 17/12/2015 | General Collection | 09/07/2018 | |||||
| Library of Congress Classification | Kabarak, Main Campus | Kabarak, Main Campus | 17/12/2015 | LA1563 .P83 | 004961 | 17/12/2015 | 17/12/2015 | Africana Collection | |||||||
| Library of Congress Classification | Kabarak, Nakuru City Campus | Kabarak, Nakuru City Campus | 21/10/2015 | LA1563 .P83 | 011217 | 21/10/2015 | 21/10/2015 | General Collection | |||||||
| Library of Congress Classification | Kabarak, Nakuru City Campus | Kabarak, Nakuru City Campus | 21/10/2015 | LA1563 .P83 2007 c.2 | 032223 | 13/03/2023 | 21/10/2015 | General Collection | 2386.00 | ||||||
| Library of Congress Classification | Kabarak, Nakuru City Campus | Kabarak, Nakuru City Campus | 21/10/2015 | LA1563 .P83 2007 c.3 | 032484 | 13/03/2023 | 21/10/2015 | General Collection | 2386.00 |